|
|
|
|
| LEADER |
00000cam a2200000 7i4500 |
| 001 |
0000048421 |
| 005 |
20150311093000.0 |
| 008 |
050220s2001 enk eng |
| 020 |
|
|
|a 1859416616
|
| 050 |
0 |
0 |
|a d51 KD1819
|b .B38 2001
|
| 090 |
0 |
0 |
|a d51 KD1819
|b .B38 2001
|
| 100 |
0 |
|
|a Baughen, Simon ,
|e author
|
| 245 |
1 |
0 |
|a Shipping law
|c Simon Baughen
|
| 250 |
|
|
|a 2nd ed
|
| 260 |
2 |
|
|a London :
|b Cavendish Publishing Limited ,
|c c2001
|
| 300 |
|
|
|a lxxvi, 444 p. ;
|c 24 cm.
|
| 504 |
|
|
|a Includes bibliographical references and index
|
| 650 |
|
0 |
|a Maritime law
|z Great Britain
|
| 999 |
|
|
|a 1000101138
|b Book
|c Reference
|e Gong Badak Campus
|